San martin; estratega del mar(folleto) /

Guardado en:
Autor Principal: Martos De Rodriguez Susana
Formato: Libro
Publicado: Bah¡a Blanca : , 0
Materias:
Fc
Etiquetas: Agregar Etiqueta
Sin Etiquetas, Sea el primero en etiquetar este registro!
LEADER 00458nam a22001695a 4500
001 CEM.cems008733
005 20060214000000.0
008 130507b######################000#0#####d
003 CEMS
082 0 4 |a F920 
100 1 |a Martos De Rodriguez Susana 
245 1 0 |a San martin; estratega del mar(folleto) / 
260 |a Bah¡a Blanca :  |b , 0 
653 |a Biografia 
653 |a Fc 
653 |a San martin 
859 |a CEMS  |b BIB. CEMS - 11 de abril  |h F920  |i 35-1  |p 1279.44  |t Ej.1